Central Library OPAC University of Rajshahi

Mathematical recreations of Lewis Carroll : (Record no. 56585)

MARC details
000 -LEADER
fixed length control field 00826nam a2200229 a 4500
001 - CONTROL NUMBER
control field 56585
003 - CONTROL NUMBER IDENTIFIER
rucl marc code BD-RjUL
005 - DATE AND TIME OF LATEST TRANSACTION
control field 20211209080419.0
008 - FIXED-LENGTH DATA ELEMENTS--GENERAL INFORMATION
fixed length control field 161201s19581955nyua|||| |||| 00| 0 eng d
035 ## - SYSTEM CONTROL NUMBER
System control number (BD-RjUL)56709
040 ## - CATALOGING SOURCE
Original cataloging agency BD-RjUL
Language of cataloging eng
Transcribing agency BD-RjUL
Modifying agency BD-RjUL
041 ## - LANGUAGE CODE
Language code of text/sound track or separate title eng
082 ## - DEWEY DECIMAL CLASSIFICATION NUMBER
Edition number 23
Classification number 793.74
Author mark and year CAM 1958
100 ## - MAIN ENTRY--PERSONAL NAME
Personal name Carroll, Lewis.
9 (RLIN) 152401
245 ## - TITLE STATEMENT
Title Mathematical recreations of Lewis Carroll :
Remainder of title Symbolic logic ; and, the game of logic (both books bound as one) /
Statement of responsibility, etc. Lewis Carroll.
260 ## - PUBLICATION, DISTRIBUTION, ETC. (IMPRINT)
Place of publication, distribution, etc. New York :
Name of publisher, distributor, etc. Dover Publications,
Date of publication, distribution, etc. c1958
300 ## - PHYSICAL DESCRIPTION
Pagination V. :
Illustrations ill. ;
Size 20 cm.
505 0# - FORMATTED CONTENTS NOTE
Formatted contents note V. 1. Symbolic logic and The game of logic. -- v. 2. Pillow problems and A tangled tale.
650 ## - SUBJECT ADDED ENTRY--TOPICAL TERM
Topical term or geographic name as entry element Mathematical recreations.
9 (RLIN) 152402
Topical term or geographic name as entry element Logic, Symbolic and mathematical.
9 (RLIN) 168302
942 ## - ADDED ENTRY ELEMENTS (KOHA)
Source of classification or shelving scheme Dewey Decimal Classification
Koha item type Books
Holdings
Lost status Source of classification or shelving scheme Damaged status Not for loan Collection code Permanent Location Current Location Shelving location Date acquired Source of acquisition Cost, normal purchase price Total Checkouts Full call number Date last seen Copy number Koha item type
  Dewey Decimal Classification   Not For Loan Non-fiction Central Library, University of Rajshahi Central Library, University of Rajshahi Reading Room 12/03/1963 zeitlinger 10.00   793.74 CAM V-1 1958 01/12/2016 C-1 Books